000 00351nam a2200133Ia 4500
008 240624s9999 xx 000 0 und d
041 _aeng
082 _a658.0495 RON
100 _aRONDINELLI DENNIS A
245 _aGLOBALIZATION AND CHANGE IN ASIA
260 _c2008
_aNew Delhi
_bViva Books
300 _aviii, : 279 : p. : cm. ; 23
365 _cRS
_b32
999 _c9146
_d9146